| 000 | 00470nam a2200181Ia 4500 | ||
|---|---|---|---|
| 003 | OSt | ||
| 005 | 20240206143949.0 | ||
| 008 | 210210b1939 xxu||||| |||| 00| 0 eng d | ||
| 040 | _cAL | ||
| 041 | _aKannada | ||
| 082 | _a859/1573 | ||
| 100 |
_aRAMARAV (M) _9149759 |
||
| 245 |
_aRajasthana kathavali-1 _bರಾಜಸ್ಥಾನ ಕಥಾವಳಿ - ೧ |
||
| 260 |
_aBengaluru _b- _c1939 |
||
| 690 |
_aKannada Fiction _9149760 |
||
| 906 | _a022300 | ||
| 942 |
_2ddc _cBK |
||
| 999 |
_c146600 _d146600 |
||